000 00789cam a2200205 4500
008 000000n2000 000 0 eng u
035 _a(Sirsi) u106090
245 _aIt's not all plane sailing
260 _c2000
490 _aEstates Gazette
_v(0020) 20 May 2000, 157(1)
520 _aDiscusses the controversial decision in "Farley v Skinner" (WB3636-59) which concerned a dispute between a surveyor and his client over the surveyor's failure to mention a problem with aircraft noise over a property despite having been specifically asked to report on this matter.
590 _aWB
650 _aNEGLIGENCE
650 _aAIRCRAFT NOISE
650 _aNUISANCE
650 _aFARLEY V SKINNER
650 _aSURVEYORS
690 _aPROFESSIONAL PRACTICE-NEGLIGENCE
942 _n0
999 _c63554
_d63554